Estatísticas para Nomeie uma Capital Mundial A-Z

Clique aqui para jogar o quiz

Estatísticas Gerais

  • Esse quiz foi jogado 12 382 vezes
  • A pontuação média é 13 de 25

Estatísticas das Respostas

LetraCapital% Correto
BBerlim | Brasília | Buenos Aires | +22
99%
LLisboa | Londres | Lima | +8
90%
MMadrid | Moscovo | Monaco | +16
90%
PParis | Pequim | Praga | +15
87%
AAtenas | Amesterdão | Assunção | +12
78%
CCaracas | Copenhaga | Cairo | +10
77%
WWashington D.C. | Wellington | Windhoek
77%
SSantiago | Seul | Sucre | +12
71%
OOslo | Ottawa | Ouagadougou
67%
TTóquio | Tirana | Teerã | +9
67%
RRoma | Reykjavik | Riga | Riade | Rabat | Roseau
63%
VViena | Vaticano | Varsóvia | +5
58%
DDublin | Damasco | Doha | +6
55%
KKiev | Kingston | Kingstown | +6
48%
HHavana | Helsínquia | Hanói | Harare | Honiara
44%
NNova Deli | Nassau | Nicosia | +8
44%
EEstocolmo | Escópia | Erevan
39%
JJerusalém | Jakarta | Juba
35%
QQuito
33%
GGeorgetown | Gaborone | Gitega
25%
ZZagreb
25%
YYaoundé | Yamoussoukro | Yaren
13%
UUlaanbaatar
12%
FFreetown | Funafuti
11%
IIslamabad
11%

Distribuição das Pontuações

Percentil de Números Respondidos

Porcentagem de Pessoas com Cada Pontuação

Sua Pontuação Histórica

Você não jogou esse quiz